000 00297nam a22001337a 4500
008 180926b xxu||||| |||| 00| 0 eng d
020 _a9780673993434
041 _aeng
080 _26th
_a330.101.542
100 _a52
101 _aMBE
245 _aMicroeconomics
_cByrns, R.T
942 _2udc
_cBK
999 _c48519
_d48519